El teatro barroco hispanoamericano: ensayo de una historia crítico-antológica

Gardado en:
Detalles Bibliográficos
Autor Principal: Suárez Radillo, Carlos Miguel (Author)
Formato: Libro
Idioma:Lingua castelá
Publicado: Madrid José Porrúa Turanzas 1981
Subjects:
Tags: Engadir etiqueta
Sen Etiquetas, Sexa o primeiro en etiquetar este rexistro!

MARC

LEADER 00000nam a2200000 a 4500
001 UCT7665
003 CL-VaPUC
008 970123e19810000SP |||||||||||||||||spa|d
082 0 4 |a H862.09  |b SUA  |2 21 
100 0 |a Suárez Radillo, Carlos Miguel  |e author  |9 378687 
245 1 3 |a El teatro barroco hispanoamericano: ensayo de una historia crítico-antológica 
300 |a v 
942 |c BK 
945 |d 19970123 00:00:00  |a rleighto 
260 |a Madrid  |b José Porrúa Turanzas  |c 1981 
500 |a v.1: El virreinato de Nueva España 
500 |a v.2 y v.3: El virreinato del Perú 
650 7 |a TEATRO HISPANOAMERICANO  |2 CL-VaPUC  |9 378266 
650 7 |a HISTORIA LITERARIA  |2 CL-VaPUC  |9 313318 
650 0 |a Historia y crítica   |9 257407 
650 0 |a Crítica literaria   |9 269189 
583 |a last modification  |c 19970123 00:00:00  |k Rodrigo Vera 
999 |c 256218  |d 256216 
952 |0 0  |1 0  |4 0  |6 H_862_090000000000000_SUA_1981  |7 0  |8 A  |9 278819  |a BIBEDU  |b BIBEDU  |d 2019-11-19  |h v.1  |i 3267784  |o H862.09 SUA 1981  |p 3267784  |r 2019-11-19  |w 2019-11-19  |y BK  |k LIT 
952 |0 0  |1 0  |4 0  |6 H_862_090000000000000_SUA_1981  |7 0  |8 A  |9 278820  |a BIBEDU  |b BIBEDU  |d 2019-11-19  |h v.1  |i 3267792  |o H862.09 SUA 1981  |p 3267792  |r 2019-11-19  |w 2019-11-19  |y BK  |k LIT 
952 |0 0  |1 0  |4 0  |6 H_862_090000000000000_SUA_1981  |7 0  |8 A  |9 278821  |a BIBEDU  |b BIBEDU  |d 2019-11-19  |h v.2  |i 3267806  |o H862.09 SUA 1981  |p 3267806  |r 2019-11-19  |w 2019-11-19  |y BK  |k LIT 
952 |0 0  |1 0  |4 0  |6 H_862_090000000000000_SUA_1981  |7 0  |8 A  |9 278822  |a BIBEDU  |b BIBEDU  |d 2019-11-19  |h v.2  |i 3267814  |o H862.09 SUA 1981  |p 3267814  |r 2019-11-19  |w 2019-11-19  |y BK  |k LIT 
952 |0 0  |1 0  |4 0  |6 H_862_090000000000000_SUA_1981  |7 0  |8 A  |9 278823  |a BIBEDU  |b BIBEDU  |d 2019-11-19  |h v.3  |i 3267822  |o H862.09 SUA 1981  |p 3267822  |r 2019-11-19  |w 2019-11-19  |y BK  |k LIT 
952 |0 0  |1 0  |4 0  |6 H_862_090000000000000_SUA_1981  |7 0  |8 A  |9 278824  |a BIBEDU  |b BIBEDU  |d 2019-11-19  |h v.3  |i 3267830  |o H862.09 SUA 1981  |p 3267830  |r 2019-11-19  |w 2019-11-19  |y BK  |k LIT